|
|
|
|
| LEADER |
01500nam a22003612a 4500 |
| 001 |
000429918 |
| 003 |
CZ BrMZK |
| 005 |
19990305143423.0 |
| 007 |
ta |
| 008 |
970904s1973 xr f cze d |
| 015 |
|
|
|a cnb000456190
|
| 035 |
|
|
|a (OCoLC)42112195
|
| 040 |
|
|
|a BOA001
|b cze
|
| 080 |
|
|
|a 571(119.78)(437.1-191)
|2 MRF
|
| 100 |
1 |
|
|a Hrala, Jiří,
|d 1931-2002
|7 jk01042659
|4 aut
|
| 245 |
1 |
0 |
|a Knovízská kultura ve středních Čechách /
|c Jiří Hrala ; Kresby: T. Mazálková, V. Žižková a autor ; Pl. a snímky: [kol.]
|
| 260 |
|
|
|a Praha :
|b Academia,
|c 1973
|
| 300 |
|
|
|a 200, [4] s. :
|b 15 s. obr. příl. 56 s. fot. příl. ;
|c 8°
|
| 490 |
1 |
|
|a Archeologické stud. materiály Archeologického ústavu ČSAV v Praze ;
|v Sv. 11
|
| 500 |
|
|
|a Přehl. lit.
|
| 500 |
|
|
|a Souběž. něm. tit. list.
|
| 500 |
|
|
|a Souhrn do něm. přel. H. Plátková
|
| 500 |
|
|
|a Tit. list a obálka: J. Maříková
|
| 500 |
|
|
|a Zkr.
|
| 500 |
|
|
|a 600 výt.
|
| 500 |
|
|
|a Místní rejstřík
|
| 830 |
|
0 |
|a Archeologické stud. materiály Archeologického ústavu ČSAV v Praze
|
| 910 |
|
|
|a BOA001
|b 2-0706.243
|
| 964 |
|
|
|a Kultura knovízská - Čechy střední - výzkumy archeologické
|
| 964 |
|
|
|a Pohřebiště knovízská - Čechy střední - nálezy archeologické - popisy
|
| 964 |
|
|
|a Čechy střední - kultura knovízská - výzkumy archeologické
|
| 990 |
|
|
|a BK
|
| 996 |
7 |
|
|b 2619778297
|c 2-0706.243
|l Sklad H1
|r Sklad / do 24 hodin
|n 24
|h HS212
|w 000429918
|u 000010
|a 1
|e BOA001
|j MZK50
|s A
|